000 00638nam a2200217 a 4500
001 BRCA_3872
005 20190320204446.0
008 100610s1907----gw-a######---#000-0#ger-#
041 _ager
044 _agw
050 4 _aLE7.123
_b.R49 1907
100 1 _aReznicek, F. von
_910081
245 1 0 _aGalante Welt
_bálbum
_cvon F. von Reznicek.
260 _aMúnich, Alemania
_bAlbert Langen
_c1907
300 _a1 v. (sin paginación)
_bil. (algunas a color), 30 láminas
_c39 cm.
500 _aIncluye índice de ilustraciones
500 _aAM35
650 1 4 _aÁlbumes de fotografías
_zMúnich
_910082
902 _aGFM
942 _2lcc
_cB
999 _c3600
_d3600